| 000 | 00882nam a2200277 a 4500 | ||
|---|---|---|---|
| 001 | BRCA_4744 | ||
| 005 | 20190320204803.0 | ||
| 008 | 071010s1936----mx-a######---#000-0#spa-# | ||
| 041 | _aspa | ||
| 044 | _amx | ||
| 050 | 4 |
_aNA5257.M4 _b.C47 2 1936 |
|
| 100 | 1 |
_aCervantes, Enrique A. _9383 |
|
| 245 | 1 | 0 |
_aCatedral Metropolitana _bsillería del coro _cEnrique A. Cervantes. |
| 260 |
_aMéxico _bE. A. Cervantes _c1936 |
||
| 300 |
_axl hojas sueltas _bil. _c29 cm. |
||
| 500 | _aEjemplar numerado 302 de 1,100 | ||
| 500 | _aHojas inventariadas por Banco de México como libro | ||
| 500 | _aEjemplar igual a C73, X41 e Y177 | ||
| 500 | _aD86 | ||
| 610 | 2 | 4 |
_aCatedral Metropolitana (Ciudad de México) _910206 |
| 650 | 1 | 4 |
_aArquitectura colonial _97560 |
| 650 | 1 | 4 |
_aArquitectura barroca _zMéxico _923 |
| 650 | 1 | 4 |
_asillería del coro _912005 |
| 902 | _aGFM | ||
| 942 |
_2lcc _cB |
||
| 999 |
_c4442 _d4442 |
||